000
00258nam a2200085Ia 4500
005
20250424112848.0
008
250424s9999 xx 000 0 und d
650
_a
Architecture--Nigeria--Periodicals. Architecture--Developing countries--Periodicals.
942
_c
SR
999
_c
37561
_d
37561